000 00985nam a2200265 i 4500
001 bg
003 BPK
005 20190205105550.0
008 000320s1980 pl a |000 0 pol d
015 _aPB 1980/8900
040 _aWA N
_cBPK
041 0 _apol
080 _a514.7
100 1 _aWierzcholski, Krzysztof
_d(1939- )
_eAutor
245 1 0 _aElementy rachunku tensorowego w zastosowaniach /
_cKrzysztof Wierzcholski, Ryszard Janiszewski ; Politechnika Lubelska.
260 _aLublin :
_bWydaw-a Uczelniane PL,
_c1980.
300 _a236 s. :
_bil. tab. wykr. ;
_c24 cm.
490 1 _aOrganizacja i Zarządzanie Przemysłem.
504 _aBibliogr. przy rozdz.
650 4 _aTensory
_xstosowanie.
700 1 _aJaniszewski, Ryszard
_d(1946- ).
830 0 _aOrganizacja i Zarządzanie Przemysłem - Politechnika Lubelska.
856 _uhttp://koha.tu.koszalin.pl/cgi-bin/koha/opac-detail.pl?biblionumber=20052
_yKatalog online BPK
942 _2UKD
_cKS
999 _c20052
_d20052